000 01136nam a2200277 4500
005 20240530110415.0
008 150303s2003 su o a 000 0 ara d
017 _a1002/1424
_bالسعودية . مكتبة الملك فهد
020 _a9960403106
040 _aEG-CaGPL
041 0 _aara
082 0 4 _221
_a331
_bط/ف س
100 1 _aفوكس ، ديبورا
_qديبورا فوكس
245 1 0 _aصناعة الافلام /
_cتاليف ديبورا فوكس ؛ ترجمة مركز التعريب والترجمة بمكتبة العبيكان
250 _aط1
260 _aالسعودية :
_bمكتبة العبيكان ،
_c2003
300 _a27 ص :
_bصور لو ؛
_c32 سم
490 0 _aسلسلة اعمال الناس
650 0 4 _aالافلام السينمائية
_xكتب الاطفال
650 0 4 _aالسينما
_xصناعة وتجارة
650 0 4 _aالتصوير السينمائى
650 0 4 _aالعمل والعمال
710 2 _aمركز التعريب والترجمة بمكتبة العبيكان
_eمترجم
942 _2ddc
_cBK
999 _c60539
_d60539